[Event "St Petersburg Summer op"]
[Site "St Petersburg"]
[Date "2017.08.21"]
[Round "6"]
[White "Turikov, Viktor"]
[Black "Kuznetsov, Mikhail"]
[Result "0-1"]
[WhiteElo "2153"]
[BlackElo "1913"]
[PlyCount "46"]
[EventDate "2017.08.16"]
[EventType "swiss"]
[EventRounds "9"]
[EventCountry "RUS"]
[SourceTitle "CBM 180 Extra"]
[Source "ChessBase"]
[SourceDate "2017.10.06"]
[SourceVersion "1"]
[SourceVersionDate "2017.10.06"]
[SourceQuality "1"]

1. e4 c5 2. Nf3 d6 3. b4 cxb4 4. d4 d5 5. exd5 Qxd5 6. Nbd2 e6 7. Bc4 Qd8 8. 0-0 Nf6 9. a3 Nc6 10. Nb3 Be7 11. axb4 Nxb4 12. c3 Nbd5 13. Bd2 0-0 14. Qe2 Qc7 15. Ne5 Bd6 16. f4 b5 17. Bxd5 Nxd5 18. Qxb5 Rb8 19. Qa4 Nxc3 20. Bxc3 Qxc3 21. Rf3 Qb4 22. Qxa7 Bb7 23. Na5 Ra8 0-1

[Event "Chigorin Memorial 24th"]
[Site "St Petersburg"]
[Date "2016.10.15"]
[Round "1"]
[White "Kuznetsov, Mikhail"]
[Black "Li, Yankai"]
[Result "0-1"]
[WhiteElo "1801"]
[BlackElo "2298"]
[PlyCount "58"]
[EventDate "2016.10.15"]
[EventType "swiss"]
[EventRounds "9"]
[EventCountry "RUS"]
[SourceTitle "CBM 175 Extra"]
[Source "ChessBase"]
[SourceDate "2016.12.12"]
[SourceVersion "1"]
[SourceVersionDate "2016.12.12"]
[SourceQuality "1"]

1. d4 Nf6 2. Bf4 e6 3. e3 c5 4. c3 Nc6 5. Nf3 d5 6. Bd3 Bd6 7. Bg3 0-0 8. Nbd2 b6 9. Ne5 Bb7 10. Ndf3 Ne7 11. Qb1 Qc7 12. Ng5 g6 13. Bf4 Nh5 14. 0-0 Bc8 15. Ngf3 f6 16. Bh6 fxe5 17. dxe5 Bxe5 18. Bxf8 Kxf8 19. Qd1 Bg7 20. Re1 Nf6 21. Rc1 e5 22. e4 dxe4 23. Bxe4 Nxe4 24. Rxe4 Bf6 25. Qd2 Bf5 26. Ree1 e4 27. Ng5 Rd8 28. Qe3 Nd5 29. Qxe4 Bxg5 0-1

[Event "Samara op"]
[Site "Samara"]
[Date "2010.07.27"]
[Round "5"]
[White "Purygin, Andrei"]
[Black "Kuznetsov, Mikhail"]
[Result "1-0"]
[WhiteElo "2285"]
[BlackElo "2139"]
[PlyCount "87"]
[EventDate "2010.07.23"]
[EventType "swiss"]
[EventRounds "9"]
[EventCountry "RUS"]
[SourceTitle "EXT 2011"]
[Source "ChessBase"]
[SourceDate "2010.11.26"]
[SourceVersion "1"]
[SourceVersionDate "2010.11.26"]
[SourceQuality "1"]

1. e4 c5 2. f4 d5 3. exd5 Nf6 4. Bb5+ Bd7 5. Bxd7+ Qxd7 6. c4 e6 7. Qe2 Bd6 8. f5 0-0 9. fxe6 fxe6 10. dxe6 Qc7 11. Nf3 Nc6 12. Nc3 Rae8 13. Nb5 Qd8 14. d3 Bb8 15. Bg5 Qc8 16. 0-0-0 Rxe6 17. Qf2 a6 18. Nc3 b6 19. Bxf6 Rexf6 20. Nd5 Rf5 21. Nxb6 Qb7 22. Nd5 Be5 23. Qc2 Nd4 24. Nxd4 Bxd4 25. Rhe1 Rf2 26. Re2 Kh8 27. Rde1 Qb8 28. g3 h6 29. Nf4 Be3+ 30. Kb1 Rxe2 31. Qxe2 Bxf4 32. gxf4 Qxf4 33. a3 a5 34. Qe7 Qf2 35. Ka2 Rb8 36. Re2 Qf1 37. Qe5 Rc8 38. Re3 a4 39. Qe6 Rb8 40. Qe5 Rc8 41. Qc3 Rb8 42. Re7 Qg2 43. Qe5 Rc8 44. Re8+ 1-0

[Event "Samara-chB"]
[Site "Samara"]
[Date "2009.12.14"]
[Round "9"]
[White "Sorochan, Dmitry Vladimirovic"]
[Black "Kuznetsov, Mikhail"]
[Result "0-1"]
[WhiteElo "2057"]
[BlackElo "2040"]
[PlyCount "124"]
[EventDate "2009.12.06"]
[EventType "swiss"]
[EventRounds "9"]
[EventCountry "RUS"]
[SourceTitle "EXT 2012"]
[Source "ChessBase"]
[SourceDate "2011.11.24"]
[SourceVersion "1"]
[SourceVersionDate "2011.11.24"]
[SourceQuality "1"]

1. d4 Nf6 2. Nf3 c5 3. e3 g6 4. Bd3 Bg7 5. 0-0 0-0 6. c3 d6 7. Nbd2 Nc6 8. Qe2 e5 9. dxc5 dxc5 10. e4 Nh5 11. Nb3 Qe7 12. Bb5 Nf4 13. Bxf4 exf4 14. Bxc6 bxc6 15. Qc4 Bg4 16. Kh1 Rab8 17. Rab1 Rb5 18. Nfd2 Be6 19. Qe2 a5 20. c4 Rb6 21. Nxa5 Ra6 22. Nab3 Rxa2 23. Nc1 Rxb2 24. Rxb2 Bxb2 25. Nd3 f3 26. gxf3 Bd4 27. f4 Rd8 28. f3 Bc3 29. f5 Bxf5 30. Nb1 Bd4 31. Nf4 Bc8 32. Nd2 Qh4 33. Ng2 Qh5 34. Nf4 Qh6 35. Nd3 Bh3 36. Re1 Bc3 37. Rd1 Qg5 38. Nb1 Bd4 39. f4 Qh4 40. Nd2 Bg4 41. Nf3 Qh3 42. Rf1 Ra8 43. Qg2 Ra2 44. Qxh3 Bxh3 45. Nxd4 Bxf1 46. Nxc5 Bh3 47. Kg1 Ra1+ 48. Kf2 Rc1 49. Nd3 Rxc4 50. Ke3 f6 51. Nf2 Bd7 52. e5 c5 53. Ne2 fxe5 54. fxe5 Bf5 55. Ng3 Kf7 56. Nge4 Bxe4 57. Nxe4 Ke6 58. Ng5+ Kxe5 59. Nxh7 Kf5 60. Nf8 Re4+ 61. Kd3 Re7 62. Kc4 Rf7 0-1

[Event "Samara-chB"]
[Site "Samara"]
[Date "2009.12.08"]
[Round "3"]
[White "Kechaev, Alexander"]
[Black "Kuznetsov, Mikhail"]
[Result "1-0"]
[WhiteElo "1912"]
[BlackElo "2040"]
[PlyCount "63"]
[EventDate "2009.12.06"]
[EventType "swiss"]
[EventRounds "9"]
[EventCountry "RUS"]
[SourceTitle "EXT 2012"]
[Source "ChessBase"]
[SourceDate "2011.11.24"]
[SourceVersion "1"]
[SourceVersionDate "2011.11.24"]
[SourceQuality "1"]

1. e4 d5 2. Nc3 Nf6 3. e5 Ne4 4. Nce2 Bf5 5. d3 Nc5 6. h4 d4 7. Ng3 Bc8 8. f4 Nc6 9. Nf3 Bg4 10. Be2 Bxf3 11. Bxf3 e6 12. Qe2 Be7 13. h5 Qd7 14. Bd2 a5 15. Ne4 Nxe4 16. Qxe4 f5 17. exf6 gxf6 18. h6 0-0-0 19. 0-0-0 Bd6 20. g4 f5 21. Qe2 Nb4 22. Qg2 Qb5 23. Bxb4 axb4 24. Qg3 Qa5 25. Rh5 Qxa2 26. gxf5 Qa1+ 27. Kd2 Qxb2 28. fxe6 Rdf8 29. Ra5 Kb8 30. Rda1 c6 31. Qg7 Bxf4+ 32. Kd1 1-0

[Event "Zhukovsky Cup"]
[Site "Zhukovsky"]
[Date "2008.??.??"]
[Round "8"]
[White "Elishev, Ivan"]
[Black "Kuznetsov, Mikhail"]
[Result "1-0"]
[WhiteElo "2168"]
[BlackElo "2107"]
[PlyCount "123"]
[EventDate "2008.04.21"]
[EventType "swiss"]
[EventRounds "9"]
[EventCountry "RUS"]
[SourceTitle "EXT 2022"]
[Source "ChessBase"]
[SourceDate "2021.10.06"]
[SourceVersion "1"]
[SourceVersionDate "2021.10.06"]
[SourceQuality "1"]

1. e4 Nc6 2. Nf3 e5 3. Bc4 Bc5 4. b4 Bxb4 5. c3 Ba5 6. d4 d6 7. Qb3 Qd7 8. dxe5 dxe5 9. 0-0 Bb6 10. Rd1 Qe7 11. Ba3 Qf6 12. Bb5 Be6 13. Qb4 Nge7 14. Qxe7+ Qxe7 15. Bxe7 Kxe7 16. Bxc6 bxc6 17. Nxe5 c5 18. Nd2 f6 19. Nec4 Rhd8 20. a4 c6 21. Rdb1 Rab8 22. Kf1 Rd3 23. Ra3 Rdd8 24. Ke2 Bc7 25. Rab3 Rxb3 26. Rxb3 Rb8 27. Rxb8 Bxb8 28. g3 g5 29. Kd3 g4 30. Nb3 Bd6 31. Nba5 Kd7 32. Nxd6 Kxd6 33. Nb7+ Ke5 34. Nxc5 Ba2 35. Ke3 Bb1 36. a5 Kd6 37. Kd4 Bc2 38. Na6 Ba4 39. c4 Bd1 40. c5+ Ke6 41. Nb4 Ba4 42. Nd3 f5 43. Nf4+ Kf6 44. e5+ Ke7 45. e6 Kf6 46. e7 Kxe7 47. Ke5 Bc2 48. Ne2 Kd7 49. Nd4 Be4 50. Nxf5 Bf3 51. Nd4 Bd1 52. Kf6 Ba4 53. Nf5 Bd1 54. Ne3 Bf3 55. Kf5 h5 56. Ke5 Be2 57. Nf5 Bd3 58. Ng7 Ke7 59. Nxh5 Be2 60. Nf4 Bf3 61. Kf5 Kf7 62. Nd3 1-0

[Event "Zhukovsky op"]
[Site "Zhukovsky"]
[Date "2008.??.??"]
[Round "2"]
[White "Kuznetsov, Mikhail"]
[Black "Andreev, Gennadiy"]
[Result "1-0"]
[WhiteElo "2122"]
[BlackElo "2058"]
[PlyCount "77"]
[EventDate "2008.08.22"]
[EventType "swiss"]
[EventRounds "9"]
[EventCountry "RUS"]
[SourceTitle "CBM 126 Extra"]
[Source "ChessBase"]
[SourceDate "2008.11.05"]
[SourceVersion "1"]
[SourceVersionDate "2008.11.05"]
[SourceQuality "1"]

1. Nc3 e5 2. e4 Nc6 3. Bc4 Nf6 4. d3 Bb4 5. Nf3 d6 6. 0-0 h6 7. Ne2 Bg4 8. Ng3 Qd7 9. h3 Be6 10. Bb3 d5 11. c3 dxe4 12. Bxe6 Qxe6 13. dxe4 Bd6 14. Nf5 Bf8 15. Qd3 g6 16. Ng3 a6 17. b4 b5 18. a4 Qc4 19. Qxc4 bxc4 20. Nd2 h5 21. f3 h4 22. Ne2 Nh5 23. Nxc4 f6 24. Be3 g5 25. Rfd1 Rd8 26. Rxd8+ Nxd8 27. b5 axb5 28. axb5 Nf4 29. Nxf4 gxf4 30. Bf2 Rh7 31. Kf1 f5 32. exf5 Be7 33. Nxe5 Rh5 34. Re1 Bf6 35. Ng4+ Kf7 36. Nxf6 Kxf6 37. Re8 Nb7 38. Bd4+ Kf7 39. Rc8 1-0

[Event "Zhukovsky op"]
[Site "Zhukovsky"]
[Date "2008.??.??"]
[Round "1"]
[White "Tamarovskiy, Andrey"]
[Black "Kuznetsov, Mikhail"]
[Result "0-1"]
[WhiteElo "1929"]
[BlackElo "2122"]
[PlyCount "90"]
[EventDate "2008.08.22"]
[EventType "swiss"]
[EventRounds "9"]
[EventCountry "RUS"]
[SourceTitle "CBM 126 Extra"]
[Source "ChessBase"]
[SourceDate "2008.11.05"]
[SourceVersion "1"]
[SourceVersionDate "2008.11.05"]
[SourceQuality "1"]

1. e4 Nc6 2. Bc4 e5 3. Nf3 Bc5 4. c3 d6 5. Qb3 Qd7 6. Ng5 Nh6 7. 0-0 0-0 8. Qc2 Qe7 9. d3 Na5 10. Bb3 Nxb3 11. axb3 f5 12. d4 exd4 13. cxd4 Bb6 14. Qc4+ Kh8 15. Nc3 fxe4 16. Nd5 Qd8 17. Nxe4 Nf7 18. Nxb6 cxb6 19. Qd5 Qe7 20. Ng5 Nxg5 21. Bxg5 Qe6 22. Qxe6 Bxe6 23. Be7 Rfe8 24. Bxd6 Bxb3 25. Ra3 Bc4 26. Rc3 Bxf1 27. Kxf1 Rac8 28. Be5 Rxc3 29. bxc3 Rc8 30. d5 Rc5 31. Bb8 Rxd5 32. Bxa7 Rc5 33. Bxb6 Rxc3 34. Ke2 Kg8 35. g3 Kf7 36. h4 g6 37. Kd2 Rc6 38. Be3 Ke6 39. Kd3 Kd5 40. g4 b5 41. Bd2 Rc4 42. f4 b4 43. h5 gxh5 44. g5 Rd4+ 45. Ke3 Rxd2 0-1

[Event "Zhukovsky Naukograd Rating-B"]
[Site "Zhukovsky"]
[Date "2007.??.??"]
[Round "4"]
[White "Ibragimov, Ali"]
[Black "Kuznetsov, Mikhail"]
[Result "1/2-1/2"]
[WhiteElo "2047"]
[BlackElo "2112"]
[PlyCount "175"]
[EventDate "2007.04.01"]
[EventType "tourn"]
[EventRounds "11"]
[EventCountry "RUS"]
[SourceTitle "EXT 2022"]
[Source "ChessBase"]
[SourceDate "2021.10.06"]
[SourceVersion "1"]
[SourceVersionDate "2021.10.06"]
[SourceQuality "1"]

1. d4 c5 2. d5 e5 3. e4 d6 4. Nf3 g6 5. Bg5 Nf6 6. Nc3 Bg7 7. Qd2 h6 8. Bh4 a6 9. a4 Qb6 10. a5 Qxb2 11. Ra2 Qb4 12. Ra4 Nxe4 13. Nxe4 Qxa4 14. Nxd6+ Kd7 15. Nc4 Qa1+ 16. Ke2 Ke8 17. Nd6+ Kf8 18. Nxc8 Nd7 19. Nd6 e4 20. Qf4 exf3+ 21. gxf3 Qe5+ 22. Qxe5 Bxe5 23. Nc4 Bf4 24. Kd1 g5 25. Bg3 Bxg3 26. fxg3 Rb8 27. Bh3 Nf6 28. Nb6 Kg7 29. Re1 Rhe8 30. c4 g4 31. fxg4 Ne4 32. Rf1 Rh8 33. Bg2 Nd6 34. Kc2 Rbe8 35. Kd3 Re7 36. Na4 Rhe8 37. Nxc5 Rc7 38. Ne4 Nxc4 39. g5 hxg5 40. Rf5 Re5 41. Rxg5+ Rxg5 42. Nxg5 Kf6 43. h4 Nxa5 44. Ne4+ Ke5 45. d6 Rd7 46. g4 b5 47. g5 Nc4 48. Bh3 Rd8 49. d7 Nd6 50. Nf6 b4 51. h5 Kf4 52. Nh7 Nf5 53. g6 fxg6 54. hxg6 Rxd7+ 55. Kc4 a5 56. Nf8 Rc7+ 57. Kb5 Rb7+ 58. Ka4 b3 59. Ne6+ Ke5 60. Bxf5 Kxf5 61. Nd4+ Kxg6 62. Nxb3 Kf5 63. Nxa5 Rb8 64. Nc6 Rb1 65. Nb4 Ke4 66. Nc2 Kd5 67. Na3 Rb8 68. Nb5 Kc5 69. Na3 Rb4+ 70. Ka5 Rb8 71. Ka4 Rb2 72. Ka5 Rb4 73. Nc2 Rb3 74. Ka4 Rb8 75. Na3 Kd4 76. Nb5+ Kc4 77. Na3+ Kc5 78. Nc2 Rb7 79. Na3 Rb4+ 80. Ka5 Re4 81. Nb5 Re8 82. Ka6 Rb8 83. Na7 Rb6+ 84. Ka5 Rb1 85. Ka6 Rb2 86. Nc8 Kc6 87. Na7+ Kc7 88. Nb5+ 1/2-1/2